000 00188 a2200097 4500
020 _a9780938317708
041 _aspa
100 _aTejada, Miguel
245 _ahome is Everything
942 _cBK
999 _c9903
_d9903